000 005920000a22001810004500
003 MACL
005 20160512170300.0
008 160512b xxu||||| |||| 00| 0 eng d
040 _aMACL
_cMACL
041 _aHindi
082 _a891.431
100 _aवाजपेयी, सं कैलाश
_956552
245 _aमोती सूखे समुद्र का
_cसं कैलाश वाजपेयी
260 _bअनुराधा प्रकाशन
_c2009
_aबीकानेर
350 _a140
650 _aPoem
_927793
942 _cHIN
_k891.431/VAJ/P
_2ddc
999 _c45151
_d45151